000 00719nam a22002297a 4500
003 OSt
008 260629b |||||||| |||| 00| 0 eng d
020 _a 9789391734596
082 _a632.9517
_bT83P
100 _aTripathi, Ashish Kumar
245 _a Fasalo mein Keet Vyadhi evam Keetnashi Prabandhan
_cTripathi, Ashish Kumar
260 _aNew Delhi
_bToday Tomorrows Printers and Publishers
_c2022
300 _a153p.
650 _aCrops $x Diseases and pests.
650 _aPlant diseases.
650 _aAgricultural pests.
650 _aPest shortages $x Management.
650 _aIntegrated pest management.
650 _aPesticides $x Application.
700 _aSingh, Anil Kumar
942 _2ddc
_cBK
999 _c52435
_d52435